000 01258nam a2200229Ia 4500
003 Ost
005 20260507075646.0
008 260507s9999||||xx |||||||||||||| ||und||
020 _a6302501977
040 _cfsecg
041 _aara
082 _a338.1
100 _aلقوشة، رفعت
_eمؤلف
245 0 _aدراسات في إقتصاديات الزراعة والتنمية الريفية /
_c رفعت لقوشة
260 _aالقاهرة:
_bالمكتبة الأكاديمية,
_c1993
300 _a215 صفحة؛
_bإيضاحات ؛
_c24 سم
520 _aالريع الزراعي والإيجار الرسمي- القطاع الزراعي المصري- تفتت الملكية الزراعية والدخل الزراعي- سعر العرض الزراعي-تفوق معدل التضخم في الريف على معدل التضخم في الحضر- السياسة الحكومية في مجال القمح- التنمية- المكينة الزراعية والتنمية- العمل الزراعي المهاجر- الإندماج الإصطناعي بين القرية والمدينة.
653 _aإقتصاديات الزراعة
653 _aالتنمية الريفية
653 _aالزراعة
942 _cكتاب
999 _c45483
_d45483